Eesti : illustrated specialized catalogue of Estonia (Record no. 1904)

000 -LEADER
fixed length control field 00491nam a22000977a 4500
008 - FIXED-LENGTH DATA ELEMENTS--GENERAL INFORMATION
fixed length control field 160418b xxu||||| |||| 00| 0 eng d
100 ## - MAIN ENTRY--AUTHOR'S NAME
Author's Name Eichenthal, V.
245 ## - TITLE STATEMENT
Title Eesti : illustrated specialized catalogue of Estonia
260 ## - PUBLICATION, DISTRIBUTION, ETC. (IMPRINT)
Place of publication, distribution, etc. Toronto
Name of publisher, distributor, etc. The Philatelic Specialists Society of Canada
Date of publication, distribution, etc. 1962
650 ## - TOPICAL TERM (Tag)
Topical term or geographic name Russia | Estonia | Germany | Occupation of Estonia | Catalogs and Price Lists | Postal History | Postal Markings | Postal Rates | Forgeries and Counterfeits | Errors and Varieties | Production
Holdings
Withdrawn status Lost status Source of classification or shelving scheme Damaged status Koha normalized classification for sorting Not for loan Permanent Location Current Location Date acquired Total Checkouts Full call number Barcode Date last seen Copy number Price effective from
        G7030 A1 E34   Northern Philatelic Library Northern Philatelic Library 04/18/2016   G7030 .A1 E34 1002205 04/18/2016 1 04/18/2016
        G7030 A1 E34   Northern Philatelic Library Northern Philatelic Library 04/18/2016   G7030 .A1 E34 1002206 04/18/2016 2 04/18/2016

Powered by Koha